Normal view
MARC view
Entry Personal Name
001 - CONTROL NUMBER
- control field: 79614
003 - CONTROL NUMBER IDENTIFIER
- control field: OSt
005 - DATE AND TIME OF LATEST TRANSACTION
- control field: 20200918121251.0
008 - FIXED-LENGTH DATA ELEMENTS
- fixed length control field: 200918|| aca||aabn | a|a d
040 ## - CATALOGING SOURCE
- Original cataloging agency: OSt
- Transcribing agency: OSt
100 ## - HEADING--PERSONAL NAME
- Personal name: Georje,C.K.
670 ## - SOURCE DATA FOUND
- Source citation: Work cat.: (OSt): Georje,C.K., World's Famous Wars , 2017









